Carte - Les 7 Merveilles du Monde Moderne / Antique - Statistiques

Statistiques générales
  • Ce quiz a été pris 181 fois
  • Le résultat moyen est 10 sur 14
Réponses sur la Carte
Les réponses sont colorées sur une échelle allant du rouge au vert en fonction du pourcentage des utilisateurs qui les ont devinées à leur premier essai. Vous pouvez retrouver ces pourcentages ci-dessous.
 
Statistiques - réponses
Réponse % Correct
Colisée de Rome
95%
Taj Mahal
91%
Machu Picchu
89%
Statue du Christ Rédempteur
89%
Chichén Itzá
83%
Grande Muraille de Chine
83%
Pyramide de Khéops
77%
Phare d'Alexandrie
76%
Pétra
70%
Jardins Suspendus de Babylone
58%
Colosse de Rhodes
52%
Statue chryséléphantine de Zeus
45%
Temple d'Artémis
36%
Mausolée d'Halicarnasse
35%
Aucun quiz correspondant
Distribution des résultats
% des personnes avec chaque résultat
Percentile par nombre de réponses
Votre historique - résultats
Vous n’avez pas pris ce quiz